Najnaseljeniji gradovi u Hrvatskoj (A-Z) - Statistics

General Stats
  • This quiz has been taken 116 times
  • The average score is 15 of 23
Answer Stats
Letter Answer % Correct
Z Zagreb
95%
S Split
89%
O Osijek
85%
R Rijeka
85%
Đ Đakovo
82%
Č Čakovec
81%
Š Šibenik
80%
K Karlovac
79%
B Bjelovar
78%
D Dubrovnik
77%
P Pula
75%
Ž Županja
74%
G Gospić
70%
M Makarska
67%
N Našice
60%
T Trogir
51%
V Velika Gorica
46%
H Hvar
45%
I Ivanić Grad
45%
U Umag
43%
J Jastrebarsko
36%
L Labin
27%
C Cirkvenica
4%
No matching quizzes found
Score Distribution
Percent of People with Each Score
Percentile by Number Answered
Your Score History
You have not taken this quiz